| 000 | 00437nam a2200205Ia 4500 | ||
|---|---|---|---|
| 001 | 13467 | ||
| 003 | GE_BSU | ||
| 008 | 181216s||||||||xx |||||||||||||| ||und|| | ||
| 020 | _a0751517569 | ||
| 040 | _cGE_BSU | ||
| 080 | _a821.111-3 | ||
| 100 | _aTitle,Elise. | ||
| 245 | _aBleedinc hearts. | ||
| 260 | _aLondon. | ||
| 260 | _bWarner Books. | ||
| 260 | _c1996 | ||
| 300 | _a515p;18cm. | ||
| 653 | _aBleedinc hearts. | ||
| 942 | _cBK | ||
| 999 |
_c46627 _d46627 |
||